00513nam a22001457a 450000500170000002000180001708200140003510000240004924500850007326000510015830000190020994200120022899900190024095201080025920260625150952.0 a9781009372190 a306 BUZ/M aBuzan, Barry 96826 aMaking global society: ba study of humankind across three era/cby Barry Buzan a. - U Kb: Cambridge University Press c, 2023 axxvi+491 pages 2ddccBK c761065d761065 00102ddc4070aPOLbPOLcGENd2026-02-03l0o306 BUZ/MpPOL23899r2026-06-25 15:14:06w2026-06-25yBK